| 000 | 01076nam a22003497a 4500 | ||
|---|---|---|---|
| 001 | BR2010000863 | ||
| 003 | BR-BrBNA | ||
| 005 | 20230928103200.0 | ||
| 007 | ta | ||
| 008 | 230509b bl.||||| |||| 00| 0 por d | ||
| 040 |
_aBR-BrBNA _bpor _cBiblioteca Nacional de Agricultura |
||
| 041 | _a(Por) | ||
| 072 |
_aE14 _b2200 _b2790 |
||
| 090 | _ 2200 BR2010000863 | ||
| 100 | 1 | _aCastro, C.E.F. de | |
| 100 | 1 | _aCarbonell, S.A.M. | |
| 100 | 1 | _aMaia, M.S.D. | |
| 100 | 1 | _aMoura, M.A. | |
| 100 | 1 | _aBovi, O.A. | |
| 110 | 1 |
_aConselho Nacional dos Sistemas Estaduais de Pesquisa Agropecuária, Brasília, DF (Brasil) _92718 |
|
| 245 | 1 |
_aPlantas aromáticas e medicinais (plantas bioativas) _bSérie Reuniões Técnicas, 10 |
|
| 260 | 3 |
_aBrasília, DF (Brasil): _c2005. |
|
| 300 | _a34 p. | ||
| 650 | _aPLANTA AROMÁTICA | ||
| 650 | _aPLANTA MEDICINAL | ||
| 650 | _aAGRICULTURA FAMILIAR | ||
| 650 | _aDESENVOLVIMENTO SUSTENTÁVEL | ||
| 650 | _aPROJETO DE DESENVOLVIMENTO | ||
| 650 | _aPRODUÇÃO VEGETAL | ||
| 909 |
_a202309 _bLucia _c55 _dLucia Elande |
||
| 942 | _cBK | ||
| 999 |
_c74042 _d74042 |
||